000 00635nam a22001937a 4500
003 NUST-PNEC
005 20170116180746.0
008 150204b xxu||||| |||| 00| 0 eng d
020 _a9757388467
040 _cPNEC
082 _a297.63 GUL
100 _91281
_aGulen, M. Fethullah
245 _aProphet Muhammad as commander
_cM. Fethullah Gulen
260 _aIslamabad :
_bPN Book Club,
_cc1998.
300 _a330 p. :
_c23 cm.
651 _xGeneral
_xIslam
856 _uhttp://www.amazon.com/Prophet-Muhammad-Commander-Fethullah-Gulen/dp/9757388467/ref=sr_1_1?ie=UTF8&qid=1423071249&sr=8-1&keywords=9757388467
942 _2ddc
_cBK
999 _c62371
_d62371